Harry Potter: les Gardiens du Secret - Statistiques

Statistiques générales
  • Ce quiz a été pris 36 fois
  • Le résultat moyen est 5 sur 10
Statistiques - réponses
Information Réponses % Correct
Dernière apparition Harry Potter et les Reliques de la Mort
90%
Gardien connu Peter Pettigrow
90%
Gardien connu Albus Dumbledore
87%
Première apparition Harry Potter et le Prisonnier d'Azkaban
81%
Secret gardé Adresse du 12, Square Grimmaurd
68%
Secret gardé Adresse des Potter
35%
Gardien connu Arthur Weasley
35%
Gardien connu Bill Weasley
35%
Secret gardé Adresse de tante Muriel
16%
Secret gardé Adresse de la Chaumière aux Coquillages
6%
Aucun quiz correspondant
Distribution des résultats
% des personnes avec chaque résultat
Percentile par nombre de réponses
Votre historique - résultats
Vous n’avez pas pris ce quiz